The digital image (Record no. 104512)

MARC details
000 -LEADER
fixed length control field 01324cam a2200253 4500
001 - CONTROL NUMBER
control field ##L130670
008 - FIXED-LENGTH DATA ELEMENTS--GENERAL INFORMATION
fixed length control field 050823n2005 000 0 eng u
020 ## - INTERNATIONAL STANDARD BOOK NUMBER
International Standard Book Number 1904445004
035 ## - SYSTEM CONTROL NUMBER
System control number (Sirsi) u130670
041 0# - LANGUAGE CODE
Language code of text/sound track or separate title eng
050 04 - LIBRARY OF CONGRESS CALL NUMBER
Classification number 525.9820285 $2 18
100 1# - MAIN ENTRY--PERSONAL NAME
Personal name Graham, Ron
245 04 - TITLE STATEMENT
Title The digital image
250 ## - EDITION STATEMENT
Edition statement 2nd ed.
260 ## - PUBLICATION, DISTRIBUTION, ETC.
Place of publication, distribution, etc. Caithness
Name of publisher, distributor, etc. Whittles Publishing
Date of publication, distribution, etc. 2005
300 ## - PHYSICAL DESCRIPTION
Extent xv, 158p
Other physical details ill
Dimensions 24cm
350 ## - PRICE (NR) (BK AM CF MU VM SE) [OBSOLETE]
Price 40.00
505 2# - FORMATTED CONTENTS NOTE
Formatted contents note Radiometry -- photometry and visual science -- fundamentals of imaging systems -- electrical properties of semiconductors -- digital cameras -- image processing -- digital printers -- digital imaging applications.
520 ## - SUMMARY, ETC.
Summary, etc. A handbook on digital imaging, enabling the reader to understand the technology, terms and relationships, and fellow developments, in this sector. Contains an introduction to imaging, covering the topics of optics, electronics and photography, information on semiconductor technology, digital cameras, image processing and digital printing. Gives examples of digital imaging applications, including press and commercial photography, military use, aerial surveying and astronomy.
520 ## - SUMMARY, ETC.
Summary, etc. Supercedes 1999 edition (ISBN 1870325125).
690 ## - LOCAL SUBJECT ADDED ENTRY--TOPICAL TERM (OCLC, RLIN)
Topical term or geographic name as entry element ENVIRONMENTAL AND LAND CONSULTANCY-GEOMATICS
942 ## - ADDED ENTRY ELEMENTS (KOHA)
Suppress in OPAC 0
Holdings
Withdrawn status Lost status Source of classification or shelving scheme Damaged status Not for loan Home library Current library Shelving location Date acquired Cost, normal purchase price Total Checkouts Full call number Barcode Date last seen Copy number Cost, replacement price Price effective from Koha item type
    Dewey Decimal Classification     London London Books 01/11/2005 34.00   525.9820285 GRA 3001307 06/08/2019 1 34.00 06/08/2019 Book